[Event "Leiden op-A 13th"]
[Site "Leiden"]
[Date "2019.07.15"]
[Round "4"]
[White "Casteleijn, Diederick"]
[Black "Bik, Wouter"]
[Result "1-0"]
[WhiteElo "2091"]
[BlackElo "1979"]
[PlyCount "63"]
[EventDate "2019.07.12"]
[EventType "swiss"]
[EventRounds "9"]
[EventCountry "NED"]
[SourceTitle "EXT 2020"]
[Source "ChessBase"]
[SourceDate "2019.10.17"]
[SourceVersion "1"]
[SourceVersionDate "2019.10.17"]
[SourceQuality "1"]

1. Nf3 g6 2. c4 Bg7 3. d4 Nf6 4. Nc3 c5 5. e4 cxd4 6. Nxd4 d6 7. Be2 0-0 8. 0-0 Nc6 9. Be3 Bd7 10. f3 a6 11. Qd2 Qa5 12. Rab1 Nxd4 13. Bxd4 Ne8 14. Rfd1 Bxd4+ 15. Qxd4 Qg5 16. Nd5 e5 17. Qd2 Qxd2 18. Rxd2 f5 19. c5 Be6 20. Nb6 Rd8 21. Rbd1 Bxa2 22. exf5 gxf5 23. cxd6 Kf7 24. f4 Bb3 25. fxe5 Bxd1 26. Bc4+ Kg6 27. Rxd1 Nxd6 28. Rxd6+ Rxd6 29. exd6 Rd8 30. d7 Kf6 31. Bd5 Rb8 32. Nc8 1-0

[Event "NATO-ch 28th"]
[Site "Budapest"]
[Date "2017.03.31"]
[Round "7"]
[White "Casteleijn, Diederick"]
[Black "Watters, Chase Miles"]
[Result "1-0"]
[WhiteElo "2048"]
[BlackElo "2198"]
[PlyCount "73"]
[EventDate "2017.03.27"]
[EventType "swiss"]
[EventRounds "7"]
[EventCountry "HUN"]
[SourceTitle "CBM 177 Extra"]
[Source "ChessBase"]
[SourceDate "2017.04.27"]
[SourceVersion "1"]
[SourceVersionDate "2017.04.27"]
[SourceQuality "1"]

1. e4 c6 2. Ne2 d5 3. e5 c5 4. b4 cxb4 5. a3 Nc6 6. d4 Bf5 7. Ng3 e6 8. Nxf5 exf5 9. axb4 Bxb4+ 10. c3 Ba5 11. Bd3 Qd7 12. 0-0 Nge7 13. Bb5 Bb6 14. Re1 0-0 15. Re3 Qe6 16. Rg3 f6 17. exf6 Rxf6 18. Bg5 Rf7 19. Re3 Qg6 20. h4 h6 21. Bxe7 Nxe7 22. Bd7 Kf8 23. Be6 Rf6 24. h5 Qg5 25. Nd2 Bc7 26. Nf3 Qxh5 27. Qb3 f4 28. Ree1 b6 29. Qb4 Qg6 30. Bxd5 Bd6 31. Qb3 Rd8 32. Rxa7 Qe8 33. Ne5 f3 34. Bc6 Qh5 35. Bxf3 Qg5 36. Nd7+ Rxd7 37. Ra8+ 1-0

[Event "NATO-ch 28th"]
[Site "Budapest"]
[Date "2017.03.30"]
[Round "6"]
[White "Sypien, Mateusz"]
[Black "Casteleijn, Diederick"]
[Result "1-0"]
[WhiteElo "2228"]
[BlackElo "2048"]
[PlyCount "119"]
[EventDate "2017.03.27"]
[EventType "swiss"]
[EventRounds "7"]
[EventCountry "HUN"]
[SourceTitle "CBM 177 Extra"]
[Source "ChessBase"]
[SourceDate "2017.04.27"]
[SourceVersion "1"]
[SourceVersionDate "2017.04.27"]
[SourceQuality "1"]

1. e4 c5 2. Nf3 Nc6 3. Bb5 g6 4. 0-0 Bg7 5. Re1 Qc7 6. c3 Nf6 7. d4 cxd4 8. cxd4 0-0 9. Nc3 d6 10. Bg5 a6 11. Bf1 Bg4 12. Be3 b5 13. Rc1 Qb7 14. h3 Bxf3 15. Qxf3 Na5 16. b3 Rac8 17. e5 Qxf3 18. gxf3 dxe5 19. dxe5 Nh5 20. f4 Nc6 21. Nd5 Rcd8 22. Rxc6 Rxd5 23. Rxa6 Bh6 24. Bg2 Rdd8 25. Rb6 Rb8 26. Rxb8 Rxb8 27. Bc5 Nxf4 28. Bxe7 Nxg2 29. Kxg2 Bf8 30. Bf6 Bg7 31. Rd1 Bxf6 32. exf6 b4 33. Rd6 h6 34. Ra6 g5 35. f4 gxf4 36. Kf3 Kh7 37. Kxf4 Kg6 38. Ke4 Kg5 39. Kd4 Rb7 40. Kc4 Kh4 41. Ra5 Rb6 42. Rb5 Ra6 43. Kxb4 Rxa2 44. Rb7 Kxh3 45. Rxf7 Rf2 46. Rf8 h5 47. f7 h4 48. Ka4 Ra2+ 49. Kb5 Rf2 50. b4 Rf1 51. Ka5 Ra1+ 52. Kb6 Rf1 53. b5 Rf2 54. Ka6 Ra2+ 55. Kb7 Rf2 56. b6 Kh2 57. Kc8 h3 58. b7 Rc2+ 59. Kd7 Rb2 60. b8Q+ 1-0